| 000 | 00605nam a22001937a 4500 | ||
|---|---|---|---|
| 005 | 20250218122457.0 | ||
| 010 | _aENG-126577 | ||
| 020 |
_c750.00 _a9788194928654 |
||
| 035 | _aEN-143045 | ||
| 037 |
_bDBAD _a01 |
||
| 082 |
_a616.1206 _201 |
||
| 100 |
_aKaul Upendra _977760 |
||
| 245 |
_aWhen The Heart Speaks _cby Upendra Kaul _bMemoirs of a Cardiolgist _hEnglish |
||
| 250 | _a01 | ||
| 260 |
_aNew Delhi _bKonark Publishers Pvt Ltd _c2022 |
||
| 270 |
_bNew Delhi _a206,1st floor, peacock lane,shahpur jat _e110049 |
||
| 300 |
_a202hb _c23cm |
||
| 942 |
_2ddc _cEN _h616.1206 _mKau _e01 |
||
| 999 |
_c209199 _d209199 |
||